000 00261 a2200133 4500
001 155368
040 _cEscola São Tomás de Aquino
240 1 0 _aPlantas
_lpor
245 1 0 _aPlantas
300 _a63
440 1 _aÁtica
697 _aCIÊNCIAS
942 _cBK
999 _c155368
_d155368